[Event "GER Seniors Derby 05th"]
[Site "Wesel Undeloh"]
[Date "2006.04.21"]
[Round "4"]
[White "Wafzig, Franz Josef"]
[Black "Schippan, Bernhard"]
[Result "0-1"]
[WhiteElo "1891"]
[BlackElo "2157"]
[PlyCount "98"]
[EventDate "2006.04.20"]
[EventType "swiss"]
[EventRounds "7"]
[EventCountry "GER"]
[SourceTitle "EXT 2007"]
[Source "ChessBase"]
[SourceDate "2006.11.23"]
[SourceVersion "1"]
[SourceVersionDate "2006.11.23"]
[SourceQuality "1"]

1. d4 f5 2. Nf3 Nf6 3. Bf4 g6 4. e3 Bg7 5. Bc4 e6 6. Nbd2 0-0 7. 0-0 h6 8. c3 g5 9. Be5 d6 10. Bxf6 Qxf6 11. e4 Nc6 12. Qc2 Kh8 13. Rae1 g4 14. d5 exd5 15. exd5 gxf3 16. dxc6 fxg2 17. Kxg2 bxc6 18. f4 Bd7 19. Re3 Rae8 20. Rh3 d5 21. Bd3 c5 22. Qd1 Bc6 23. Kg1 Rg8 24. Qh5 Ref8 25. Nf3 Be8 26. Qg5 c4 27. Bc2 c5 28. Rf2 d4 29. cxd4 cxd4 30. Nh4 d3 31. Bd1 Qxg5+ 32. fxg5 Bd4 33. Nf3 Bxf2+ 34. Kxf2 h5 35. Ne5 Rxg5 36. Nxc4 Bf7 37. Ne5 Bxa2 38. Bxh5 Kg7 39. Nf3 Rg4 40. Ne5 d2 41. Rd3 Rh4 42. Rg3+ Kh6 43. Bd1 Re8 44. Nf3 Rf4 45. Rh3+ Kg7 46. Rg3+ Kf6 47. Kg2 Bd5 48. Rh3 Rxf3 49. Rxf3 Re1 0-1